000 00623nas a2200229 i 4500
001 2367
003 ES-MaACL
005 20250731030156.0
007 t|
008 950801d19111940fr | | 1 ||re d
080 _a44
245 0 3 _aLa vie agricole et rurale.
260 _aParis :
_bJ.B. Baillière & Fils,
_c1911-1940.
300 _a20 v. :
_bgrab ;
_c27 cm.
310 _aSemanal
362 0 _aAño I, t. I (ene. 1911)-(1940)
500 _aA partir de 1929 no aparece consignado el tomo.
650 1 7 _aAgricultura
_2embne
_99670
852 _aES-MaACL
_jHem-200
866 0 _o1923-32.
999 _c2367
_d2367